000 00617nam a2200229Ia 4500
003 OSt
005 20220923230115.0
006 a|||||r|||| 00| 0
007 ta
008 Pun
024 _a277,387
037 _cTextual
040 _aARTS
_cARTS
_bPun
041 _2Pun
_aPun
082 _aO153,3N19,AD, L3
100 _aਅੰਮ੍ਰਿਤਾ ਪ੍ਰੀਤਮ
245 0 _aਅੱਕ ਦਾ ਬੂਟਾ
260 _c1973
650 _aਪੰਜਾਬੀ ਸਾਹਿਤ
942 _hO153,3N19,AD, L3
_cTEXL
_2CC
999 _c382504
_d382504